[Event "Bundesliga 9899"]
[Site "Deutschland"]
[Date "1999.01.30"]
[Round "8.6"]
[White "Borik, Otto"]
[Black "Renner, Christoph"]
[Result "1-0"]
[WhiteElo "2415"]
[BlackElo "2437"]
[PlyCount "56"]
[EventDate "1998.10.17"]
[EventType "team"]
[EventRounds "15"]
[EventCountry "GER"]
[SourceTitle "Bundesliga 9899"]
[Source "DeepChess"]
[SourceDate "2005.01.01"]
[SourceVersion "1"]
[SourceVersionDate "2005.01.01"]
[SourceQuality "1"]
[WhiteTeam "Delmenhorster SK 1931"]
[BlackTeam "Erfurter SK"]
[WhiteTeamCountry "GER"]
[BlackTeamCountry "GER"]

1. Nf3 f5 2. d3 d6 3. e4 e5 4. Nc3 Be7 5. d4 fxe4 6. Nxe4 d5 7. Nxe5 dxe4 8.
Bc4 Nf6 9. Nf7 Bg4 10. f3 exf3 11. gxf3 Bb4+ 12. c3 Qe7+ 13. Kf2 Ne4+ 14. Kg1
Rf8 15. fxg4 Nc6 16. Kg2 Na5 17. Bg5 Nxg5 18. Re1 Ne4 19. Qd3 Nxc4 20. Rxe4
Rxf7 21. Rxe7+ Bxe7 22. Qxc4 c6 23. d5 Rd8 24. Rd1 Rf6 25. Qe4 Rfd6 26. Re1
R8d7 27. Qxh7 Kd8 28. Qxg7 Kc7 1-0

[Event "Bundesliga 9899"]
[Site "Deutschland"]
[Date "1999.01.30"]
[Round "8.7"]
[White "Voekler, Bernd"]
[Black "Beckemeier, Werner"]
[Result "1/2-1/2"]
[WhiteElo "2360"]
[BlackElo "2373"]
[PlyCount "33"]
[EventDate "1998.10.17"]
[EventType "team"]
[EventRounds "15"]
[EventCountry "GER"]
[SourceTitle "Bundesliga 9899"]
[Source "DeepChess"]
[SourceDate "2005.01.01"]
[SourceVersion "1"]
[SourceVersionDate "2005.01.01"]
[SourceQuality "1"]
[WhiteTeam "Erfurter SK"]
[BlackTeam "Delmenhorster SK 1931"]
[WhiteTeamCountry "GER"]
[BlackTeamCountry "GER"]

1. e4 e5 2. Nf3 Nc6 3. Bb5 a6 4. Ba4 Nf6 5. O-O Nxe4 6. d4 b5 7. Bb3 d5 8. dxe5
Be6 9. Nbd2 Be7 10. c3 Nc5 11. Bc2 Qd7 12. Re1 Bg4 13. h3 Bh5 14. Nf1 Rd8 15.
g4 Bg6 16. Ng3 Bxc2 17. Qxc2 1/2-1/2

[Event "Bundesliga 9899"]
[Site "Deutschland"]
[Date "1999.01.30"]
[Round "8.8"]
[White "Jugelt, Tobias"]
[Black "Langheinrich, Ferenc"]
[Result "0-1"]
[WhiteElo "2363"]
[BlackElo "2279"]
[PlyCount "106"]
[EventDate "1998.10.17"]
[EventType "team"]
[EventRounds "15"]
[EventCountry "GER"]
[SourceTitle "Bundesliga 9899"]
[Source "DeepChess"]
[SourceDate "2005.01.01"]
[SourceVersion "1"]
[SourceVersionDate "2005.01.01"]
[SourceQuality "1"]
[WhiteTeam "Delmenhorster SK 1931"]
[BlackTeam "Erfurter SK"]
[WhiteTeamCountry "GER"]
[BlackTeamCountry "GER"]

1. d4 Nf6 2. Bg5 e6 3. Nd2 h6 4. Bh4 d5 5. e3 c5 6. c3 Nc6 7. f4 cxd4 8. exd4
Qc7 9. Qf3 Bd6 10. Bg3 h5 11. Nh3 Bd7 12. Bd3 Ne7 13. Bh4 Ng4 14. O-O f6 15.
Bg3 Qb6 16. Rab1 O-O-O 17. Kh1 e5 18. fxe5 fxe5 19. dxe5 Bxe5 20. Nb3 h4 21.
Bf4 Rhf8 22. Qe2 Bxf4 23. Qxe7 Bd6 24. Qxg7 Nxh2 25. Rxf8 Rxf8 26. Nd4 Qd8 27.
Bb5 a6 28. Bxd7+ Qxd7 29. Qg5 Bg3 30. Rd1 Qg4 31. Qxg4+ Nxg4 32. Nf3 Ne3 33.
Rd4 Kc7 34. Nhg5 Kc6 35. Kg1 b5 36. Nh3 Nf5 37. Rg4 Re8 38. Rg5 Nd6 39. Rg6 Kc7
40. Nhg5 Re2 41. Ne6+ Kb6 42. b4 Rxa2 43. Nh2 Ra1+ 44. Nf1 Ne4 45. Nc5+ Kc7 46.
Rg7+ Kd6 47. Rd7+ Kc6 48. Rf7 Nxc5 49. Rf6+ Bd6 50. bxc5 Kxc5 51. Kf2 Ra2+ 52.
Kf3 Rc2 53. Ne3 Rxc3 0-1

[Event "Bundesliga 9899"]
[Site "Deutschland"]
[Date "1999.01.30"]
[Round "8.2"]
[White "Lanka, Zigurds"]
[Black "Van der Sterren, Paul"]
[Result "1/2-1/2"]
[WhiteElo "2521"]
[BlackElo "2559"]
[PlyCount "72"]
[EventDate "1998.10.17"]
[EventType "team"]
[EventRounds "15"]
[EventCountry "GER"]
[SourceTitle "Bundesliga 9899"]
[Source "DeepChess"]
[SourceDate "2005.01.01"]
[SourceVersion "1"]
[SourceVersionDate "2005.01.01"]
[SourceQuality "1"]
[WhiteTeam "Dresdner SC 1898"]
[BlackTeam "SV Castrop Rauxel 1923"]
[WhiteTeamCountry "GER"]
[BlackTeamCountry "GER"]

1. e4 e6 2. d4 d5 3. Nc3 dxe4 4. Nxe4 Nd7 5. Nf3 Ngf6 6. Bg5 Be7 7. Nxf6+ Bxf6
8. h4 h6 9. Bxf6 Qxf6 10. Qd2 O-O 11. O-O-O e5 12. dxe5 Nxe5 13. Nxe5 Qxe5 14.
Bc4 Be6 15. Rde1 Qc5 16. Bxe6 fxe6 17. f3 Rad8 18. Qe3 Qxe3+ 19. Rxe3 Rd6 20.
Rhe1 Kf7 21. b3 Ke7 22. Re4 Rf5 23. R1e2 g5 24. hxg5 Rxg5 25. a4 a5 26. g4 h5
27. Kb2 hxg4 28. fxg4 Rg6 29. Rh2 Rg7 30. Rhe2 b6 31. R2e3 Rg6 32. Rh3 Rd5 33.
Kc3 Rdg5 34. Rg3 Rd5 35. Rh3 Rdg5 36. Rg3 Rd5 1/2-1/2

[Event "Bundesliga 9899"]
[Site "Deutschland"]
[Date "1999.01.30"]
[Round "8.3"]
[White "King, Daniel J"]
[Black "Maiwald, Jens Uwe"]
[Result "1/2-1/2"]
[WhiteElo "2506"]
[BlackElo "2467"]
[PlyCount "100"]
[EventDate "1998.10.17"]
[EventType "team"]
[EventRounds "15"]
[EventCountry "GER"]
[SourceTitle "Bundesliga 9899"]
[Source "DeepChess"]
[SourceDate "2005.01.01"]
[SourceVersion "1"]
[SourceVersionDate "2005.01.01"]
[SourceQuality "1"]
[WhiteTeam "SV Castrop Rauxel 1923"]
[BlackTeam "Dresdner SC 1898"]
[WhiteTeamCountry "GER"]
[BlackTeamCountry "GER"]

1. e4 d6 2. Nc3 g6 3. g3 Bg7 4. Bg2 c5 5. d3 Nc6 6. Nf3 Bg4 7. h3 Bxf3 8. Qxf3
e6 9. O-O Nge7 10. Bg5 Rb8 11. a3 Qd7 12. Qd1 O-O 13. Qd2 Nd4 14. Rab1 b5 15.
Na2 a5 16. c3 Ndc6 17. Nc1 b4 18. Ne2 d5 19. Qc2 h6 20. Be3 d4 21. cxd4 cxd4
22. Bf4 Rb5 23. a4 Rb7 24. Qb3 Rc8 25. Rbc1 Nd8 26. h4 e5 27. Bd2 Rbc7 28. f4
Rxc1 29. Nxc1 exf4 30. Bxf4 Kh7 31. Kh2 Rc5 32. Qd1 Rc6 33. Nb3 Qa7 34. e5 Ra6
35. Qf3 Ne6 36. Rc1 Qd7 37. Qb7 Qxb7 38. Bxb7 Ra7 39. Be4 Kg8 40. Nc5 Rc7 41.
Nb7 Rxc1 42. Bxc1 Bxe5 43. Bxh6 Bc7 44. Kh3 f5 45. Bf3 Kf7 46. Bd1 Kf6 47. Bb3
Ke5 48. Kg2 Nd5 49. Kf3 Bb6 50. Bc4 Bc7 1/2-1/2

[Event "Bundesliga 9899"]
[Site "Deutschland"]
[Date "1999.01.30"]
[Round "8.4"]
[White "Boensch, Uwe"]
[Black "Gallagher, Joseph G"]
[Result "1-0"]
[WhiteElo "2533"]
[BlackElo "2519"]
[PlyCount "115"]
[EventDate "1998.10.17"]
[EventType "team"]
[EventRounds "15"]
[EventCountry "GER"]
[SourceTitle "Bundesliga 9899"]
[Source "DeepChess"]
[SourceDate "2005.01.01"]
[SourceVersion "1"]
[SourceVersionDate "2005.01.01"]
[SourceQuality "1"]
[WhiteTeam "Dresdner SC 1898"]
[BlackTeam "SV Castrop Rauxel 1923"]
[WhiteTeamCountry "GER"]
[BlackTeamCountry "GER"]

1. d4 Nf6 2. c4 g6 3. Nc3 Bg7 4. e4 d6 5. Be2 O-O 6. Bg5 Na6 7. Nf3 h6 8. Bh4
g5 9. Bg3 Nh5 10. O-O e6 11. Ne1 Nxg3 12. hxg3 c5 13. d5 exd5 14. cxd5 f5 15.
exf5 Bxf5 16. Nc2 Nc7 17. Bd3 Qf6 18. Bxf5 Qxf5 19. Ne3 Qg6 20. g4 Rae8 21. Nf5
Be5 22. Qd3 Kh8 23. g3 Re7 24. Kg2 Rh7 25. Rh1 Ne8 26. Ne4 Nf6 27. Nxf6 Rxf6
28. Rh3 Qe8 29. Rah1 Qf8 30. b3 Kg8 31. Rh5 a6 32. a4 Kh8 33. a5 Kg8 34. Qe3
Rg6 35. Qe4 Rf6 36. b4 cxb4 37. Qxb4 Kh8 38. Rc1 Qd8 39. Qe4 Kg8 40. Rc4 Kh8
41. Qc2 Rf8 42. Nxh6 Qf6 43. Qxh7+ Kxh7 44. Nf5+ Kg8 45. Rc7 Bc3 46. Nh6+ Kh8
47. Nf7+ Kg8 48. Rxg5+ Kh7 49. Rf5 Qd4 50. Ne5+ Kg8 51. Rg5+ Kh8 52. Ng6+ Kg8
53. Ne7+ Kh8 54. Rh5+ Kg7 55. Nf5+ Kg6 56. Nxd4 Bxd4 57. f4 Re8 58. f5+ 1-0

[Event "Bundesliga 9899"]
[Site "Deutschland"]
[Date "1999.01.30"]
[Round "8.6"]
[White "Uhlmann, Wolfgang"]
[Black "Appel, Ralf"]
[Result "1-0"]
[WhiteElo "2475"]
[BlackElo "2490"]
[PlyCount "115"]
[EventDate "1998.10.17"]
[EventType "team"]
[EventRounds "15"]
[EventCountry "GER"]
[SourceTitle "Bundesliga 9899"]
[Source "DeepChess"]
[SourceDate "2005.01.01"]
[SourceVersion "1"]
[SourceVersionDate "2005.01.01"]
[SourceQuality "1"]
[WhiteTeam "Dresdner SC 1898"]
[BlackTeam "SV Castrop Rauxel 1923"]
[WhiteTeamCountry "GER"]
[BlackTeamCountry "GER"]

1. c4 Nf6 2. Nc3 g6 3. e4 Bg7 4. d4 O-O 5. Be2 c6 6. Nf3 d5 7. exd5 cxd5 8. O-O
Nc6 9. h3 Be6 10. Ng5 Bf5 11. Be3 dxc4 12. Bxc4 Na5 13. Be2 Rc8 14. g4 Bd7 15.
Rc1 Nc4 16. Bxc4 Rxc4 17. Qb3 Rc7 18. d5 Qb8 19. Qb4 Rcc8 20. Bf4 a5 21. Qd4
Qa8 22. Qd2 Rfd8 23. Qe2 Re8 24. Qf3 a4 25. Be5 a3 26. b3 Qa6 27. Rfe1 Bh6 28.
Nce4 Bxg5 29. Nxg5 h6 30. Bxf6 exf6 31. Rxe8+ Rxe8 32. Ne4 f5 33. Nc5 Qd6 34.
Nxd7 Qxd7 35. gxf5 Re5 36. fxg6 Rg5+ 37. Kf1 Rxg6 38. Rd1 Qc7 39. d6 Qd7 40.
Rd3 Kf8 41. Qd5 Kg8 42. Qc5 Kh7 43. Qd4 Kg8 44. b4 Kh7 45. Qe4 Kg7 46. h4 Kg8
47. Qd4 Kh7 48. Qf4 Kg7 49. b5 Kg8 50. Qe5 Kh7 51. b6 Re6 52. Qc5 Rf6 53. Qd5
Re6 54. h5 Kh8 55. Qd4+ Kh7 56. Rg3 f5 57. Qd5 Qf7 58. Re3 1-0

[Event "Bundesliga 9899"]
[Site "Deutschland"]
[Date "1999.01.30"]
[Round "8.7"]
[White "Dinstuhl, Volkmar"]
[Black "Goldberg, Alexander"]
[Result "1-0"]
[WhiteElo "2410"]
[BlackElo "2405"]
[PlyCount "71"]
[EventDate "1998.10.17"]
[EventType "team"]
[EventRounds "15"]
[EventCountry "GER"]
[SourceTitle "Bundesliga 9899"]
[Source "DeepChess"]
[SourceDate "2005.01.01"]
[SourceVersion "1"]
[SourceVersionDate "2005.01.01"]
[SourceQuality "1"]
[WhiteTeam "SV Castrop Rauxel 1923"]
[BlackTeam "Dresdner SC 1898"]
[WhiteTeamCountry "GER"]
[BlackTeamCountry "GER"]

1. d4 Nf6 2. c4 e6 3. Nf3 b6 4. g3 Bb7 5. Bg2 Be7 6. O-O O-O 7. Re1 d5 8. cxd5
exd5 9. Nc3 Na6 10. Bf4 c5 11. Ne5 Nc7 12. dxc5 Bxc5 13. Qb3 Qc8 14. Rac1 Qf5
15. Na4 Bxf2+ 16. Kxf2 Ne6 17. e3 g5 18. g4 Nxg4+ 19. Nxg4 Qxg4 20. Bg3 Rac8
21. Rxc8 Rxc8 22. Nc3 h5 23. Qd1 Qf5+ 24. Kg1 h4 25. Rf1 Qg6 26. Be5 g4 27.
Nxd5 Bxd5 28. Qxd5 Ng5 29. Bf4 Nf3+ 30. Kh1 Rc5 31. Qa8+ Kh7 32. Bxf3 gxf3 33.
Qxf3 Rc2 34. Rg1 Qf5 35. e4 Qe6 36. Be5 1-0

[Event "Bundesliga 9899"]
[Site "Deutschland"]
[Date "1999.01.30"]
[Round "8.8"]
[White "Heinatz, Thomas"]
[Black "Brendel, Oliver"]
[Result "1-0"]
[WhiteElo "2320"]
[BlackElo "2404"]
[PlyCount "81"]
[EventDate "1998.10.17"]
[EventType "team"]
[EventRounds "15"]
[EventCountry "GER"]
[SourceTitle "Bundesliga 9899"]
[Source "DeepChess"]
[SourceDate "2005.01.01"]
[SourceVersion "1"]
[SourceVersionDate "2005.01.01"]
[SourceQuality "1"]
[WhiteTeam "Dresdner SC 1898"]
[BlackTeam "SV Castrop Rauxel 1923"]
[WhiteTeamCountry "GER"]
[BlackTeamCountry "GER"]

1. e4 c5 2. Nf3 g6 3. d4 cxd4 4. Nxd4 Nc6 5. c4 Bg7 6. Be3 Nf6 7. Nc3 Ng4 8.
Qxg4 Nxd4 9. Qd1 e5 10. Bd3 O-O 11. O-O d6 12. Qd2 Be6 13. Ne2 f5 14. exf5 Nxf5
15. Bg5 Qb6 16. Ng3 Rf7 17. Rac1 Raf8 18. Be4 h6 19. Be3 Nxe3 20. fxe3 Rxf1+
21. Nxf1 Kh7 22. b3 h5 23. Qd3 Rf6 24. Re1 Qa5 25. Re2 Qa3 26. h3 Qc1 27. Rf2
Rxf2 28. Bxg6+ Kh6 29. Kxf2 Qb2+ 30. Kg1 e4 31. Bxe4 Qe5 32. Bxb7 Bf5 33. Qd5
Bb1 34. Qd2 Bf6 35. Kf2 Bg5 36. Ke2 Qf6 37. Bf3 Bh4 38. Qd4 Qg6 39. Qxh4 Qc2+
40. Nd2 Qd3+ 41. Kd1 1-0

[Event "Bundesliga 9899"]
[Site "Deutschland"]
[Date "1999.01.30"]
[Round "8.1"]
[White "Ftacnik, Lubomir"]
[Black "Jussupow, Artur"]
[Result "1/2-1/2"]
[WhiteElo "2585"]
[BlackElo "2641"]
[PlyCount "38"]
[EventDate "1998.10.17"]
[EventType "team"]
[EventRounds "15"]
[EventCountry "GER"]
[SourceTitle "Bundesliga 9899"]
[Source "DeepChess"]
[SourceDate "2005.01.01"]
[SourceVersion "1"]
[SourceVersionDate "2005.01.01"]
[SourceQuality "1"]
[WhiteTeam "Hamburger SK 1830 e.V."]
[BlackTeam "SG 1868 Aljech. Solingen"]
[WhiteTeamCountry "GER"]
[BlackTeamCountry "GER"]

1. c4 e6 2. Nf3 d5 3. d4 Nf6 4. g3 Bb4+ 5. Bd2 Be7 6. Bg2 O-O 7. O-O c6 8. Qc2
Nbd7 9. Bf4 Nh5 10. Bc1 f5 11. b3 a5 12. a4 Bd6 13. Ba3 Bxa3 14. Rxa3 Qe7 15.
Ra1 Nhf6 16. Nbd2 b6 17. cxd5 cxd5 18. Rfc1 Ba6 19. Bf1 Rac8 1/2-1/2

[Event "Bundesliga 9899"]
[Site "Deutschland"]
[Date "1999.01.30"]
[Round "8.2"]
[White "Sadler, Matthew"]
[Black "Wahls, Matthias"]
[Result "1-0"]
[WhiteElo "2668"]
[BlackElo "2609"]
[PlyCount "135"]
[EventDate "1998.10.17"]
[EventType "team"]
[EventRounds "15"]
[EventCountry "GER"]
[SourceTitle "Bundesliga 9899"]
[Source "DeepChess"]
[SourceDate "2005.01.01"]
[SourceVersion "1"]
[SourceVersionDate "2005.01.01"]
[SourceQuality "1"]
[WhiteTeam "SG 1868 Aljech. Solingen"]
[BlackTeam "Hamburger SK 1830 e.V."]
[WhiteTeamCountry "GER"]
[BlackTeamCountry "GER"]

1. d4 Nf6 2. c4 e6 3. Nc3 Bb4 4. e3 b6 5. Nge2 Ba6 6. Ng3 O-O 7. e4 Nc6 8. Bd3
e5 9. d5 Bxc3+ 10. bxc3 Ne7 11. O-O d6 12. a4 Nd7 13. a5 c6 14. axb6 axb6 15.
Bg5 Nc5 16. Be2 Qc7 17. f3 Rfc8 18. Bxe7 Qxe7 19. Nf5 Qf8 20. dxc6 g6 21. Ne3
Rxc6 22. Nd5 Kg7 23. Qc2 Bb7 24. Qb2 Nd7 25. Rad1 Rd8 26. Rd2 Ba8 27. Rfd1 Nf6
28. Nb4 Rcc8 29. Nc2 Rb8 30. Qa3 Ne8 31. Qa7 Rb7 32. Qa3 Qe7 33. Qb4 Rbb8 34.
Kh1 Bc6 35. Ra1 Qb7 36. Rb1 Qc7 37. Rdd1 h5 38. Ne3 Nf6 39. Rb2 h4 40. Rbd2 Ne8
41. Rb2 Qe7 42. Bf1 Qg5 43. Re2 h3 44. gxh3 Qf6 45. Bg2 Nc7 46. Red2 Na6 47.
Qb1 Nc5 48. Ng4 Qe7 49. Rb2 Na4 50. Rb3 Bd7 51. Ne3 Be6 52. Qc1 Qc7 53. Rb4 Nc5
54. Qd2 Ra8 55. h4 Kf8 56. h5 gxh5 57. f4 f6 58. Nf5 Bxf5 59. exf5 exf4 60. Qd4
Kf7 61. Be4 Nxe4 62. Qxe4 Kf8 63. Rg1 Ra5 64. Rb2 Qf7 65. Rxb6 Rc5 66. Rb7 Rc7
67. Rxc7 Qxc7 68. Rg6 1-0

[Event "Bundesliga 9899"]
[Site "Deutschland"]
[Date "1999.01.30"]
[Round "8.6"]
[White "Gabriel, Christian"]
[Black "Michaelsen, Nils"]
[Result "1/2-1/2"]
[WhiteElo "2581"]
[BlackElo "2440"]
[PlyCount "142"]
[EventDate "1998.10.17"]
[EventType "team"]
[EventRounds "15"]
[EventCountry "GER"]
[SourceTitle "Bundesliga 9899"]
[Source "DeepChess"]
[SourceDate "2005.01.01"]
[SourceVersion "1"]
[SourceVersionDate "2005.01.01"]
[SourceQuality "1"]
[WhiteTeam "SG 1868 Aljech. Solingen"]
[BlackTeam "Hamburger SK 1830 e.V."]
[WhiteTeamCountry "GER"]
[BlackTeamCountry "GER"]

1. d4 Nf6 2. c4 e6 3. Nf3 b6 4. a3 Ba6 5. Qc2 Bb7 6. Nc3 c5 7. e4 cxd4 8. Nxd4
d6 9. Be2 Be7 10. O-O Nbd7 11. Rd1 O-O 12. Be3 a6 13. Rac1 Rc8 14. f3 Re8 15.
Bf1 Bf8 16. Qf2 Qc7 17. b4 Qb8 18. Nb3 Ba8 19. Kh1 Rc7 20. Bf4 Rc6 21. Qd2 Ne5
22. Bxe5 dxe5 23. Na4 Rd6 24. Qe3 Nd7 25. Rxd6 Qxd6 26. c5 bxc5 27. Naxc5 Nxc5
28. Qxc5 Qxc5 29. bxc5 Bc6 30. Rc3 Rd8 31. Kg1 Bb5 32. Kf2 f6 33. Na5 Kf7 34.
Bxb5 axb5 35. Nb7 Rc8 36. Ke2 Rc7 37. c6 Ke8 38. Kd3 Be7 39. Kc2 b4 40. axb4
Bxb4 41. Rc4 Be1 42. Kb3 Bf2 43. Ka4 Ke7 44. Kb5 h5 45. Rc2 Bd4 46. Ra2 Rc8 47.
Ra6 Rb8 48. c7 Rxb7+ 49. Kc6 Rxc7+ 50. Kxc7 f5 51. Rd6 Bc3 52. Rd7+ Kf6 53. Rd3
Bd4 54. Kd6 g5 55. Rb3 g4 56. Rb8 h4 57. h3 gxf3 58. gxf3 Kg5 59. Rf8 Kf4 60.
Kxe6 Kxf3 61. exf5 e4 62. Kd5 Bb2 63. Rb8 Bg7 64. f6 Bxf6 65. Rf8 e3 66. Rxf6+
Kg3 67. Re6 Kxh3 68. Ke4 Kg2 69. Kf4 h3 70. Rxe3 h2 71. Re2+ Kh3 1/2-1/2

[Event "Bundesliga 9899"]
[Site "Deutschland"]
[Date "1999.01.30"]
[Round "8.7"]
[White "Gustafsson, Jan"]
[Black "Bischoff, Klaus"]
[Result "1/2-1/2"]
[WhiteElo "2416"]
[BlackElo "2521"]
[PlyCount "69"]
[EventDate "1998.10.17"]
[EventType "team"]
[EventRounds "15"]
[EventCountry "GER"]
[SourceTitle "Bundesliga 9899"]
[Source "DeepChess"]
[SourceDate "2005.01.01"]
[SourceVersion "1"]
[SourceVersionDate "2005.01.01"]
[SourceQuality "1"]
[WhiteTeam "Hamburger SK 1830 e.V."]
[BlackTeam "SG 1868 Aljech. Solingen"]
[WhiteTeamCountry "GER"]
[BlackTeamCountry "GER"]

1. d4 e6 2. c4 b6 3. Nc3 Bb4 4. e3 Bxc3+ 5. bxc3 Bb7 6. f3 f5 7. Nh3 Qh4+ 8.
Nf2 Nc6 9. Bd3 Nge7 10. O-O O-O 11. e4 d6 12. Rb1 f4 13. c5 dxc5 14. Bc4 Qf6
15. Ng4 Qg6 16. dxc5 h5 17. Nf2 Ne5 18. Be2 Qf6 19. Ba3 Rfd8 20. Qc2 N7g6 21.
Rfd1 Nh4 22. Kh1 g5 23. Bb2 Qe7 24. Qb3 Nhg6 25. Ba3 Qf6 26. c4 Bc6 27. Qc3 Ng4
28. Qxf6 Nxf6 29. Rxd8+ Rxd8 30. cxb6 axb6 31. c5 b5 32. Nd3 Kf7 33. Kg1 Be8
34. Bb2 c6 35. Kf2 1/2-1/2

[Event "Bundesliga 9899"]
[Site "Deutschland"]
[Date "1999.01.30"]
[Round "8.8"]
[White "Norwood, David"]
[Black "Sievers, Stefan"]
[Result "1/2-1/2"]
[WhiteElo "2535"]
[BlackElo "2340"]
[PlyCount "36"]
[EventDate "1998.10.17"]
[EventType "team"]
[EventRounds "15"]
[EventCountry "GER"]
[SourceTitle "Bundesliga 9899"]
[Source "DeepChess"]
[SourceDate "2005.01.01"]
[SourceVersion "1"]
[SourceVersionDate "2005.01.01"]
[SourceQuality "1"]
[WhiteTeam "SG 1868 Aljech. Solingen"]
[BlackTeam "Hamburger SK 1830 e.V."]
[WhiteTeamCountry "GER"]
[BlackTeamCountry "GER"]

1. g3 c5 2. Bg2 Nc6 3. c4 g6 4. Nc3 Bg7 5. d3 e6 6. e4 Nge7 7. Nge2 O-O 8. O-O
a6 9. a4 Rb8 10. Rb1 b6 11. Be3 Nd4 12. b4 Bb7 13. a5 Nec6 14. axb6 Nxb4 15.
Bxd4 cxd4 16. Rxb4 dxc3 17. d4 a5 18. Rb3 Ba6 1/2-1/2

[Event "Bundesliga 9899"]
[Site "Deutschland"]
[Date "1999.01.30"]
[Round "8.1"]
[White "Eingorn, Vereslav S"]
[Black "Sokolovs, Andrei"]
[Result "1/2-1/2"]
[WhiteElo "2592"]
[BlackElo "2490"]
[PlyCount "66"]
[EventDate "1998.10.17"]
[EventType "team"]
[EventRounds "15"]
[EventCountry "GER"]
[SourceTitle "Bundesliga 9899"]
[Source "DeepChess"]
[SourceDate "2005.01.01"]
[SourceVersion "1"]
[SourceVersionDate "2005.01.01"]
[SourceQuality "1"]
[WhiteTeam "PSV Turm Duisburg 1920 e.V."]
[BlackTeam "SK Zaehringen 1921"]
[WhiteTeamCountry "GER"]
[BlackTeamCountry "GER"]

1. Nf3 Nf6 2. c4 e6 3. Nc3 Bb4 4. Qc2 O-O 5. e3 b6 6. Be2 Ba6 7. a3 Bxc3 8.
Qxc3 d5 9. b3 Ne4 10. Qc2 c5 11. Bb2 Nc6 12. b4 cxb4 13. axb4 Bb7 14. d3 Nf6
15. b5 Nb4 16. Qc3 a5 17. O-O Rc8 18. Rfd1 Qc7 19. Ne1 Rfd8 20. Rab1 h6 21. h3
Qe7 22. Qe5 Qf8 23. Ba3 dxc4 24. dxc4 Ne4 25. Qb2 Qc5 26. Nf3 Rxd1+ 27. Rxd1
Nd6 28. Rc1 Bxf3 29. gxf3 Qg5+ 30. Kh2 Qh4 31. Rg1 f6 32. Bxb4 axb4 33. Qxb4
Rc5 1/2-1/2

[Event "Bundesliga 9899"]
[Site "Deutschland"]
[Date "1999.01.30"]
[Round "8.2"]
[White "Baklan, Vladimir"]
[Black "Epishin, Vladimir"]
[Result "1/2-1/2"]
[WhiteElo "2552"]
[BlackElo "2578"]
[PlyCount "79"]
[EventDate "1998.10.17"]
[EventType "team"]
[EventRounds "15"]
[EventCountry "GER"]
[SourceTitle "Bundesliga 9899"]
[Source "DeepChess"]
[SourceDate "2005.01.01"]
[SourceVersion "1"]
[SourceVersionDate "2005.01.01"]
[SourceQuality "1"]
[WhiteTeam "SK Zaehringen 1921"]
[BlackTeam "PSV Turm Duisburg 1920 e.V."]
[WhiteTeamCountry "GER"]
[BlackTeamCountry "GER"]

1. e4 c6 2. d4 d5 3. Nc3 dxe4 4. Nxe4 Bf5 5. Ng3 Bg6 6. h4 h6 7. Nf3 Nf6 8. Ne5
Bh7 9. Bd3 Bxd3 10. Qxd3 e6 11. Bd2 Be7 12. f4 O-O 13. f5 c5 14. fxe6 fxe6 15.
Ne2 Nc6 16. Nxc6 bxc6 17. O-O-O Qd5 18. Nc3 Qf5 19. Qc4 cxd4 20. Qxd4 Qg4 21.
Qe5 Rae8 22. Qc7 Qc4 23. Rhe1 Rf7 24. Qxa7 Bd6 25. Qa4 Qxa4 26. Nxa4 Bg3 27.
Re2 e5 28. Be1 Bf4+ 29. Kb1 e4 30. c4 h5 31. Nc3 e3 32. Kc2 Ng4 33. a4 Rb8 34.
Rd4 Be5 35. Re4 Rfb7 36. Nd1 Rxb2+ 37. Nxb2 Rxb2+ 38. Kd3 Rb3+ 39. Kc2 Rb2+ 40.
Kd3 1/2-1/2

[Event "Bundesliga 9899"]
[Site "Deutschland"]
[Date "1999.01.30"]
[Round "8.3"]
[White "Unzicker, Wolfgang"]
[Black "Siegel, Georg"]
[Result "1/2-1/2"]
[WhiteElo "2440"]
[BlackElo "2483"]
[PlyCount "43"]
[EventDate "1998.10.17"]
[EventType "team"]
[EventRounds "15"]
[EventCountry "GER"]
[SourceTitle "Bundesliga 9899"]
[Source "DeepChess"]
[SourceDate "2005.01.01"]
[SourceVersion "1"]
[SourceVersionDate "2005.01.01"]
[SourceQuality "1"]
[WhiteTeam "PSV Turm Duisburg 1920 e.V."]
[BlackTeam "SK Zaehringen 1921"]
[WhiteTeamCountry "GER"]
[BlackTeamCountry "GER"]

1. e4 d5 2. exd5 Qxd5 3. Nc3 Qa5 4. d4 Nf6 5. Nf3 c6 6. Bd3 Bg4 7. h3 Bh5 8.
O-O Nbd7 9. Re1 e6 10. g4 Bg6 11. Ne5 Nxe5 12. dxe5 Nd5 13. Nxd5 Qxd5 14. Bf4
O-O-O 15. Bxg6 hxg6 16. Qxd5 Rxd5 17. Kg2 Bb4 18. Red1 Ba5 19. c4 Rdd8 20. Bg5
Rxd1 21. Rxd1 Bc7 22. f4 1/2-1/2

[Event "Bundesliga 9899"]
[Site "Deutschland"]
[Date "1999.01.30"]
[Round "8.4"]
[White "Roos, Daniel"]
[Black "Thesing, Matthias"]
[Result "1-0"]
[WhiteElo "2425"]
[BlackElo "2455"]
[PlyCount "101"]
[EventDate "1998.10.17"]
[EventType "team"]
[EventRounds "15"]
[EventCountry "GER"]
[SourceTitle "Bundesliga 9899"]
[Source "DeepChess"]
[SourceDate "2005.01.01"]
[SourceVersion "1"]
[SourceVersionDate "2005.01.01"]
[SourceQuality "1"]
[WhiteTeam "SK Zaehringen 1921"]
[BlackTeam "PSV Turm Duisburg 1920 e.V."]
[WhiteTeamCountry "GER"]
[BlackTeamCountry "GER"]

1. d4 d5 2. c4 e6 3. Nc3 c6 4. e3 Nf6 5. Bd3 Nbd7 6. Nf3 a6 7. a4 Bd6 8. O-O
O-O 9. e4 dxc4 10. Bxc4 e5 11. Be3 Qc7 12. h3 b6 13. Qc2 exd4 14. Bxd4 Bb7 15.
Rad1 b5 16. Bb3 h6 17. Bxf6 Nxf6 18. Rxd6 Qxd6 19. e5 Qe7 20. exf6 Qxf6 21. Ne4
Qg6 22. Ne5 Qf5 23. f4 bxa4 24. Bxa4 c5 25. Nxc5 Qxc2 26. Bxc2 Bd5 27. Rd1 Rfd8
28. b4 Rac8 29. Bf5 Ba8 30. Rd7 Rxd7 31. Nexd7 Rd8 32. Nb6 Bc6 33. Bd7 Bxd7 34.
Nbxd7 f6 35. Kf2 Kf7 36. Ke3 Ke7 37. Ke4 Re8 38. Kd5 Kd8 39. Kd6 Re2 40. Ne6+
Kc8 41. Nb6+ Kb7 42. Nd5 Rxg2 43. Nc5+ Ka7 44. Kc7 Re2 45. Nb6 g5 46. Nc8+ Ka8
47. fxg5 fxg5 48. Nxa6 h5 49. Nb8 Rf2 50. Nb6+ Ka7 51. b5 1-0